La teología de la liberación / C, Van Dam (Registro nro. 33148)
[ vista simple ]
| 000 -LÍDER | |
|---|---|
| Campo fijo de descripción fija | 008370000a22002290004500 |
| 020 ## - NÚMERO INTERNACIONAL NORMALIZADO PARA LIBROS | |
| Número Internacional Normalizado del libro | 84-8504-00-3 : Donación |
| 041 0# - CÓDIGO DE IDIOMA | |
| Código de idioma para texto/pista de sonido o título separado | |
| 082 04 - NÚMERO DE CLASIFICACIÓN DECIMAL DEWEY | |
| Número de clasificación | G 261.81 D154t |
| 001 - NÚMERO DE CONTROL | |
| Campo de control | 2117 |
| 100 1# - ASIENTO PRINCIPAL--NOMBRE PERSONAL | |
| Nombre personal | Dam, C. Van |
| 245 10 - TÍTULO | |
| Título del Material | La teología de la liberación / C, Van Dam |
| 250 ## - MENCIÓN DE EDICIÓN | |
| Mención de edición | 3 |
| 260 ## - PUBLICACIÓN, DISTRIBUCIÓN, ETC. (PIE DE IMPRENTA) | |
| Lugar de publicación, distribución, etc. | Rijswijk, Países Bajos : FELIRE (ver Fundación Editorial de Literatura Reformada) |
| 300 ## - DESCRIPCIÓN FÍSICA | |
| Extensión | 26 p. |
| 336 ## - CONTENT TYPE | |
| Content type term | texto |
| Content type code | txt |
| Source | rdacontent |
| 337 ## - MEDIA TYPE | |
| Source | rdamedia |
| Media type term | sin mediación |
| Media type code | n |
| 338 ## - CARRIER TYPE | |
| Source | rdacarrier |
| Carrier type term | volumen |
| Carrier type code | nc |
| 501 ## - NOTA DE “CON” | |
| Nota de Contenido | Encuadernado en rústico con pasta dura. |
| 505 00 - NOTA DE CONTENIDO | |
| Nota de contenido con formato preestablecido | El consejo mundial de iglesias -- América Latina -- Evaluación -- Libertad -- La autoridad -- Lectura adicional. |
| 650 14 - ASIENTO SECUNDARIO DE MATERIA - TERMINO TEMÁTICO | |
| Término temático o nombre geográfico como elemento de entrada | TEOLOGIA DE LA LIBERACION -- \ LIBERTAD (TEOLOGIA) \ TEOLOGIA DE LA LIBERACION - AMERICA LATINA |
| 942 ## - TIPO DE MATERIAL (KOHA) | |
| Tipo de Item KOHA | Libros General |
| Estado de Material | Estado de Perdido | Estado de Dañado | No para Préstamo | Colección | Tomo | Biblioteca de Origen | Biblioteca Permanente | Fecha de Adquisición | Total de Préstamos | Signatura Topográfica | Código de Barras | Última vez visto | Última vez Préstado | Ejemplar/Existencia | Fecha de Remplazo | Tipo de Material |
|---|---|---|---|---|---|---|---|---|---|---|---|---|---|---|---|---|
| Colección General | Biblioteca FUSBC | Biblioteca FUSBC | 22/09/2010 | 2 | G 261.81 D154t | 321 | 12/12/2019 | 18/08/2017 | 1 | 26/01/2016 | Libros General |
